[Event "FIDE World Cup Women 2021"]
[Site "Krasnaya Polyana RUS"]
[Date "2021.07.12"]
[Round "1.1"]
[White "Moaataz, Ayah"]
[Black "Ushenina, Anna"]
[Result "1-0"]
[WhiteElo "2015"]
[BlackElo "2429"]
[PlyCount "81"]
[EventDate "2021.07.12"]

1. c4 e6 2. g3 d5 3. Nf3 dxc4 4. Bg2 a6 5. a4 Nc6 6. Na3 e5 7. Nxc4 e4 8. Ng1
Be6 9. b3 b5 10. Ne3 Nd4 11. Bxe4 Nf6 12. Bc2 Bb4 13. Bb2 O-O 14. f4 Re8 15.
axb5 Nxc2+ 16. Qxc2 Bd5 17. Ra4 Be4 18. Qc1 a5 19. Rxb4 axb4 20. Nf3 Rb8 21.
Be5 Rxb5 22. O-O Rb7 23. Ng5 Bd5 24. Qb2 h6 25. Nf3 Bxf3 26. exf3 Re6 27. Rc1
Qd3 28. Kf2 Ne8 29. Rc5 f6 30. Rd5 Qa6 31. Bd4 Nd6 32. f5 Re7 33. Bxf6 gxf6 34.
Rd4 Nxf5 35. Rd8+ Kf7 36. Qc2 Ng7 37. Qh7 c5 38. f4 Rbd7 39. Qg8+ Kg6 40. f5+
Kh5 41. Qh7 1-0

[Event "FIDE World Cup Women 2021"]
[Site "Krasnaya Polyana RUS"]
[Date "2021.07.12"]
[Round "1.1"]
[White "Azhar, Puteri Munajjah Az-"]
[Black "Matnadze, Ana"]
[Result "1/2-1/2"]
[WhiteElo "2046"]
[BlackElo "2421"]
[PlyCount "129"]
[EventDate "2021.07.12"]

1. c4 e5 2. Nc3 Nc6 3. g3 g6 4. Bg2 Bg7 5. d3 d6 6. Nf3 Nge7 7. O-O O-O 8. Ne1
h6 9. Nc2 Be6 10. Ne3 Kh7 11. Ned5 f5 12. f4 a6 13. Rb1 exf4 14. gxf4 Ng8 15.
e3 Nb8 16. Bd2 Nd7 17. Nb4 c6 18. Qe2 Re8 19. Nc2 Bf7 20. b3 Ndf6 21. d4 Rc8
22. Qd3 d5 23. c5 Ne4 24. Nxe4 fxe4 25. Qe2 Be6 26. Be1 Rf8 27. Kh1 Qd7 28. Bh4
Bg4 29. Qe1 Rce8 30. b4 Nf6 31. a4 Nh5 32. Qd2 Bf3 33. Rg1 Qh3 34. Bxf3 exf3
35. Bf2 Rf5 36. Qd3 Re4 37. Qf1 Qxf1 38. Rgxf1 g5 39. fxg5 hxg5 40. b5 axb5 41.
axb5 Re6 42. bxc6 bxc6 43. Rb6 Nf6 44. Nb4 Ne4 45. Kg1 Rff6 46. Be1 g4 47. Nd3
Bh6 48. Rb7+ Kg6 49. Ne5+ Kf5 50. Rb3 Rxe5 51. dxe5 Kxe5 52. Bc3+ Nxc3 53. Rxc3
d4 54. exd4+ Kxd4 55. Ra3 Be3+ 56. Kh1 g3 57. Ra4+ Kxc5 58. hxg3 Bd4 59. Ra5+
Kc4 60. g4 c5 61. g5 Rf5 62. Ra3 Rxg5 63. Raxf3 Rg8 64. Rc1+ Kd5 65. Rf5+
1/2-1/2

[Event "FIDE World Cup Women 2021"]
[Site "Krasnaya Polyana RUS"]
[Date "2021.07.12"]
[Round "1.1"]
[White "Mezioud, Amina"]
[Black "Osmak, Iulija"]
[Result "0-1"]
[WhiteElo "2071"]
[BlackElo "2418"]
[PlyCount "100"]
[EventDate "2021.07.12"]

1. e4 c5 2. c3 Nf6 3. e5 Nd5 4. d4 cxd4 5. cxd4 d6 6. Nf3 e6 7. Nc3 Nxc3 8.
bxc3 Nc6 9. exd6 Bxd6 10. Bd3 h6 11. O-O O-O 12. Bc2 Ne7 13. Qd3 Ng6 14. Re1
Bd7 15. a4 Rc8 16. Ne5 Bxe5 17. Rxe5 Bc6 18. c4 Qh4 19. d5 Bxd5 20. cxd5 Rxc2
21. Qxc2 Nxe5 22. Bb2 Qc4 23. Qd2 Nd3 24. Ba3 Rd8 25. d6 Nf4 26. a5 Qd4 27.
Qxd4 Ne2+ 28. Kf1 Nxd4 29. Rd1 Nb5 30. Bc5 Rd7 31. Bb4 f6 32. f4 Kf7 33. Kf2 a6
34. Ke3 Ke8 35. Ke4 Rd8 36. f5 Kd7 37. g4 Rc8 38. fxe6+ Kxe6 39. Kf3 Kd7 40. h4
Rc4 41. Rb1 g5 42. hxg5 hxg5 43. Rb2 Rd4 44. Rb1 Rd5 45. Rb2 Nxd6 46. Bxd6 Kxd6
47. Rxb7 Rxa5 48. Ke4 Ra4+ 49. Kf5 Rf4+ 50. Kg6 a5 0-1

[Event "FIDE World Cup Women 2021"]
[Site "Krasnaya Polyana RUS"]
[Date "2021.07.12"]
[Round "1.1"]
[White "Varela La Madrid, Tilsia Carolina"]
[Black "Guichard, Pauline"]
[Result "1-0"]
[WhiteElo "2072"]
[BlackElo "2413"]
[PlyCount "151"]
[EventDate "2021.07.12"]

1. e4 e5 2. Nf3 Nc6 3. Nc3 Nf6 4. Bb5 Nd4 5. O-O c6 6. Bc4 d5 7. exd5 cxd5 8.
Nxd4 dxc4 9. Nf3 Bd6 10. Qe2 Bg4 11. Qxc4 Bxf3 12. gxf3 O-O 13. d3 Rc8 14. Qh4
Be7 15. Bg5 Rc6 16. Kh1 Nd5 17. Bxe7 Nxe7 18. Rg1 Ng6 19. Qg3 Qh4 20. Rae1 Rd8
21. Re4 Qh6 22. Qg5 Qxg5 23. Rxg5 f6 24. Rg1 Kf7 25. Rb4 b6 26. a4 Rd4 27. Rg4
Rd7 28. Rgc4 Re6 29. a5 bxa5 30. Rb5 Ne7 31. Rxa5 Nc6 32. Ra6 Nd4 33. Rxe6 Kxe6
34. Ne4 Kf7 35. Kg2 Ne2 36. b4 f5 37. Ng3 Nf4+ 38. Kf1 Kf6 39. Ne2 Ne6 40. f4
g5 41. fxe5+ Kxe5 42. Ng1 g4 43. f3 h5 44. Kf2 Rd6 45. Ne2 Ra6 46. f4+ Kf6 47.
d4 Ra3 48. d5 Rf3+ 49. Kg2 Re3 50. Ng3 h4 51. Rc6 hxg3 52. hxg3 Kf7 53. Rxe6
Rc3 54. Rc6 Re3 55. Kf2 Rf3+ 56. Kg2 Re3 57. Rc7+ Kf6 58. d6 Re2+ 59. Kf1 Re3
60. Kf2 Rf3+ 61. Kg2 Ke6 62. d7 Ke7 63. c4 Rb3 64. c5 a5 65. bxa5 Kd8 66. Ra7
Rc3 67. a6 Rxc5 68. Rb7 Rc2+ 69. Kf1 Rc1+ 70. Ke2 Rc2+ 71. Kd3 Ra2 72. a7 Ra3+
73. Kd4 Ra4+ 74. Kc5 Ra5+ 75. Kc6 Ra6+ 76. Rb6 1-0

[Event "FIDE World Cup Women 2021"]
[Site "Krasnaya Polyana RUS"]
[Date "2021.07.12"]
[Round "1.1"]
[White "Buksa, Nataliya"]
[Black "Latreche, Sabrina"]
[Result "1-0"]
[WhiteElo "2413"]
[BlackElo "2076"]
[PlyCount "95"]
[EventDate "2021.07.12"]

1. e4 e5 2. Nf3 Nc6 3. Bb5 a6 4. Ba4 Nf6 5. O-O b5 6. Bb3 Bc5 7. c3 d6 8. d4
Bb6 9. h3 O-O 10. Re1 h6 11. Be3 exd4 12. cxd4 Na5 13. Bc2 Bb7 14. Nbd2 Re8 15.
Qb1 d5 16. e5 Nd7 17. b3 Nf8 18. Nf1 Ne6 19. Ng3 Nc6 20. Qd1 Nb4 21. Bb1 c5 22.
dxc5 d4 23. Nxd4 Bxc5 24. Ngf5 Bxd4 25. Nxd4 Nxd4 26. Qxd4 Qxd4 27. Bxd4 Rad8
28. Bb6 Rc8 29. Be4 Bxe4 30. Rxe4 Nd3 31. Re3 Nb4 32. Re4 Nd3 33. Bd4 Rc2 34.
a4 Nc1 35. axb5 axb5 36. Ra7 Ne2+ 37. Kh2 Nxd4 38. Rxd4 Rxe5 39. Rd8+ Kh7 40.
Rxf7 Ree2 41. Rdd7 Rxf2 42. Rxg7+ Kh8 43. Rg6 Rb2 44. Rxh6+ Kg8 45. Rg6+ Kf8
46. Rg3 Rf1 47. Rc3 Ke8 48. Rb7 1-0

[Event "FIDE World Cup Women 2021"]
[Site "Krasnaya Polyana RUS"]
[Date "2021.07.12"]
[Round "1.1"]
[White "Vargas, Gabriela"]
[Black "Danielian, Elina"]
[Result "0-1"]
[WhiteElo "2170"]
[BlackElo "2407"]
[PlyCount "110"]
[EventDate "2021.07.12"]

1. d4 Nf6 2. c4 e6 3. Nf3 Bb4+ 4. Bd2 c5 5. Bxb4 cxb4 6. Nbd2 O-O 7. e4 d6 8.
Bd3 e5 9. h3 Nc6 10. d5 Ne7 11. Nf1 Nd7 12. Ne3 Nc5 13. g4 Ng6 14. Ng2 Bd7 15.
Qe2 b5 16. O-O Rb8 17. Rfe1 Qf6 18. cxb5 h5 19. Nh2 hxg4 20. hxg4 Rfc8 21. Bc4
Nf4 22. Nxf4 Qxf4 23. b3 g6 24. Qe3 Qxe3 25. Rxe3 Bxb5 26. Bxb5 Rxb5 27. Nf3
Nd7 28. g5 Rbc5 29. Kg2 Rc1 30. Rxc1 Rxc1 31. Re2 Nc5 32. Ne1 a5 33. f3 Kf8 34.
Kf2 Ke7 35. Rc2 Rxc2+ 36. Nxc2 Nd3+ 37. Ke2 Nc1+ 38. Kd2 Nxa2 39. Ne3 Nc3 40.
Nc4 a4 41. bxa4 Nxa4 42. Kc2 Nc3 43. Kb3 Ne2 44. Kxb4 Ng1 45. Nd2 Nh3 46. Kc4
Nxg5 47. Kd3 Kd7 48. Ke3 f5 49. exf5 gxf5 50. f4 Nf7 51. fxe5 dxe5 52. Nc4 Ke7
53. Kf3 Kf6 54. d6 Ke6 55. d7 Kxd7 0-1

[Event "FIDE World Cup Women 2021"]
[Site "Krasnaya Polyana RUS"]
[Date "2021.07.12"]
[Round "1.1"]
[White "Corrales Jimenez, Zenia"]
[Black "Garifullina, Leya"]
[Result "0-1"]
[WhiteElo "2191"]
[BlackElo "2390"]
[PlyCount "78"]
[EventDate "2021.07.12"]

1. e4 c5 2. Nf3 d6 3. d4 cxd4 4. Nxd4 Nf6 5. Nc3 a6 6. Be3 e5 7. Nf3 Be7 8. Bc4
O-O 9. O-O Be6 10. Bxe6 fxe6 11. Na4 Nxe4 12. Qd3 d5 13. Nb6 Nc6 14. Nxa8 Qxa8
15. Nd2 Nc5 16. Bxc5 Bxc5 17. c4 e4 18. Qh3 Qe8 19. Nb3 Ba7 20. Rad1 Qf7 21.
Qg3 Qf5 22. cxd5 exd5 23. Nc1 Nd4 24. Qc7 Ne6 25. Qxb7 Bxf2+ 26. Kh1 d4 27.
Qxa6 e3 28. Ne2 Qd5 29. Qa3 Rf6 30. Qb3 Qe5 31. h3 Kh8 32. Nxd4 Nxd4 33. Rxd4
g6 34. Rd8+ Kg7 35. Rd7+ Kh6 36. Qb7 e2 37. Rdd1 Bb6 38. Qa6 Bc7 39. g3 Rxa6
0-1

[Event "FIDE World Cup Women 2021"]
[Site "Krasnaya Polyana RUS"]
[Date "2021.07.12"]
[Round "1.1"]
[White "Vaishali, R."]
[Black "Zhou, Qiyu"]
[Result "1-0"]
[WhiteElo "2393"]
[BlackElo "2229"]
[PlyCount "123"]
[EventDate "2021.07.12"]

1. e4 e5 2. Nf3 Nc6 3. Bb5 a6 4. Ba4 Nf6 5. O-O b5 6. Bb3 Bc5 7. a4 Rb8 8. c3
d6 9. d4 Bb6 10. a5 Ba7 11. Be3 Bg4 12. Nbd2 O-O 13. h3 Bh5 14. Qe1 Re8 15. d5
Bxe3 16. Qxe3 Ne7 17. c4 b4 18. c5 Nd7 19. cxd6 cxd6 20. Ba4 Rb7 21. Nc4 Qb8
22. Bc6 Rc7 23. Nxd6 Rd8 24. Rac1 Nf6 25. Qb6 Bxf3 26. gxf3 Ng6 27. Qxb8 Rxb8
28. Ba4 Rxc1 29. Rxc1 Nf4 30. Rc6 Nxh3+ 31. Kf1 Ra8 32. Bb5 axb5 33. a6 Nf4 34.
Rc8+ Rxc8 35. Nxc8 Ne8 36. d6 Ne6 37. a7 N8c7 38. dxc7 Nxc7 39. Nb6 Kf8 40.
a8=Q+ Nxa8 41. Nxa8 Ke7 42. Nc7 Kd6 43. Na6 b3 44. Nb4 Kc5 45. Nd5 f5 46. Ke2
f4 47. Nc7 Kc4 48. Ne6 h5 49. Nf8 g5 50. Nd7 Kd4 51. Nf6 g4 52. fxg4 hxg4 53.
Nxg4 Kxe4 54. f3+ Kd4 55. Nf6 Kc4 56. Ne4 Kd4 57. Nd2 b4 58. Nxb3+ Kc4 59. Nd2+
Kd4 60. Ne4 Kc4 61. Kd2 Kd4 62. b3 1-0

[Event "FIDE World Cup Women 2021"]
[Site "Krasnaya Polyana RUS"]
[Date "2021.07.12"]
[Round "1.1"]
[White "Narva, Mai"]
[Black "Mammadova, Gulnar"]
[Result "0-1"]
[WhiteElo "2276"]
[BlackElo "2385"]
[PlyCount "81"]
[EventDate "2021.07.12"]

1. e4 e5 2. Nc3 Nf6 3. f4 d5 4. fxe5 Nxe4 5. Qf3 Nc6 6. Bb5 Nxc3 7. dxc3 Qh4+
8. g3 Qe4+ 9. Qxe4 dxe4 10. Ne2 Bd7 11. Bf4 O-O-O 12. Bc4 Be7 13. Bxf7 Bh3 14.
Nd4 Nxd4 15. cxd4 Rxd4 16. Be3 Rdd8 17. Rd1 Rxd1+ 18. Kxd1 Rf8 19. e6 b6 20.
Kc1 Rd8 21. Re1 Bg4 22. Bd2 Bf3 23. h4 Rd6 24. Bg8 Kd8 25. Bf4 h6 26. h5 Rc6
27. Bf7 Bd6 28. Kd2 Ke7 29. Rg1 Rc5 30. Bxd6+ cxd6 31. g4 Rg5 32. Ke3 Bxg4 33.
Bg6 d5 34. c4 dxc4 35. Bxe4 Bxe6 36. Rxg5 hxg5 37. a3 Kf6 38. Kd4 g4 39. Bg6 g3
40. Ke3 Bd5 41. Ke2 0-1